| 000 | 00562nam a2200229 a 4500 | ||
|---|---|---|---|
| 003 | AR-BaBNM | ||
| 005 | 20251128203650.0 | ||
| 008 | 082120s2002 ||||||||||||||000 | spa|| | ||
| 020 | _a950-513-227-1 | ||
| 040 | _cAR-BaBNM | ||
| 100 | 1 | _aMoreno, María Inés | |
| 245 | 0 | 0 | _aCantos para todos |
| 260 |
_aBuenos Aires _bEdiciones Botella al Mar _c1993 |
||
| 300 | _a92 p. | ||
| 650 | 4 | _aLITERATURA ARGENTINA | |
| 650 | 4 | _aPOESIA | |
| 650 | 4 | _aESCRITORES | |
| 650 | 4 | _aLITERATURA CONTEMPORANEA | |
| 655 | _aLITERATURA | ||
| 942 | _cBK | ||
| 998 | _cMARTIN | ||
| 999 |
_c4394 _d4394 |
||